Príčiny, typy a hodnotenie nádorovej bolesti

Bibliographic Details
Main Author: Nemčíková, Ľubomíra (Author)
Format: Article
Language:Slovak
PhysicalDescription:Tab.
ISSN:1335-4477
Subjects:

MARC

LEADER 00000nab a2200000 a 4500
001 vtls000809497
003 SK-MaSNL
005 20260302150439.0
008 140303c2002 xo 0 slo
015 |a SNBRB2002/10-31194 
035 |a CLN000161152 
040 |a SNKBUCL  |b slo  |c SNKBUCL  |e AACR2 
041 0 |a slo 
044 |a xo  |c SK 
080 |a 616-006-009.7  |2 1997 
080 |a 616.8-009.7  |2 1997 
100 1 |a Nemčíková, Ľubomíra  |4 aut  |9 12698 
245 1 0 |a Príčiny, typy a hodnotenie nádorovej bolesti  |c Ľubomíra Nemčíková 
300 |b Tab. 
650 0 7 |a etiológia  |2 SNKPH  |9 20150 
650 0 7 |a nádorová bolesť  |2 SNKPH  |9 28687 
655 7 |a články z novín a časopisov  |2 SNK  |9 267496 
773 0 |t Zdravotnícke noviny  |g Roč. 7, č. 37 (2002)  |x 1335-4477 
773 0 |t [Príl.] Lekárske listy  |g Č. 37 (2002), s. 7-8  |x 1335-4477 
850 |a Slovenská národná knižnica v Martine 
852 |a SNK  |b KIS3GCP 
958 |a MI 
992 |a RBX 
999 |c 1357281  |d 1359211